| 000 | 00644nam a2200181Ia 4500 | ||
|---|---|---|---|
| 008 | 151018s9999 xx 000 0 und d | ||
| 082 |
_bRBASDV25161 _a891.463 |
||
| 100 | _aकल्पना कुलकर्णी | ||
| 245 | _aतस्मात क्षमस्व | ||
| 250 | _b1 | ||
| 260 |
_bशब्दांकन प्रकाशन धुळे _c1994 |
||
| 300 | _a137 | ||
| 600 | _aकल्पना कुलकर्णी | ||
| 630 | _aतस्मात क्षमस्व | ||
| 700 | _aकल्पना कुलकर्णी | ||
| 730 | _aतस्मात क्षमस्व | ||
| 942 | _cBOOK | ||
| 999 |
_c1024786 _d1024783 |
||